00265nam a22001217a 4500003000500000038001200005082001900017100002100036245003200057260003800089300000900127563000700136NUST aKhadija a358.40095bSIN aSingh Pushpindar aFIZA'YA /cPushpindar Singh akarachibkifayat publishersc1991 ap207 aHB